000 00701ngm a22003010a 4500
001 PT19545
003 AR-LpoUNG
005 20210202000313.0
007 vd cvaizq
008 191001s1995||||fr |||||||||||||||||ita d
037 _c$11,65
040 _aAR-LpoUNG
_bspa
_cAR-LpoUNG
_eaacr
044 _afr
082 0 _a842 686mol
100 1 _aMnouchkine, Ariane
_edir.
245 1 0 _aMoliere
260 _as.l. :
_bTFI,
_c1995.
300 _aVHS (40 min.) : son., col.
650 4 _aBIOGRAFIAS
650 4 _aFRANCIA
650 4 _aLITERATURA
651 4 _aFrancia
653 _aLITERATURA FRANCESA
653 _aTEATRO FRANCES
653 _aVIDEOS
905 _a19545
942 _cVIDEO
999 _c54573
_d54573